Vysokokvalitné bezolovnaté spájky pre klasickú a SMD montáž : Bakalárska práca

Salvato in:
Dettagli Bibliografici
Autore principale: Pavlík, Lukáš, 1984- (Autore)
Altri autori: Szewczyková, Beáta (xxx)
Natura: Manoscritto Libro
Lingua:slovacco
Pubblicazione: Trnava : STU v Bratislave MtF KZv, 2007
Soggetti:
Tags: Aggiungi Tag
Nessun Tag, puoi essere il primo ad aggiungerne!!

MARC

LEADER 00000ntm a22000003a 4500
001 stu145554
005 20150617225950.5
008 070918s2007----xo------------------slo-d
040 |a STU  |b slo 
041 0 |a slo 
044 |a xo 
100 1 |a Pavlík, Lukáš,  |d 1984-  |4 aut  |u M3000  |U MTF Materiálovotechnologická fakulta  |T MTF Ústav výrobných technológií  |X 33591  |U M3000  |Y 83  |7 A000033591 
245 1 |a Vysokokvalitné bezolovnaté spájky pre klasickú a SMD montáž :  |b Bakalárska práca 
260 |a Trnava :  |b STU v Bratislave MtF KZv,  |c 2007 
300 |a 75 s  |c 1 CD-ROM 
500 |a Odbor: Technológie strojárskej výroby 
650 7 |a bezolovnaté spájkovanie  |2 stusub 
700 1 |a Szewczyková, Beáta  |4 xxx  |u M140  |T MTF Katedra zvárania  |U M140  |Y M140 
996 |b 284M065934  |c M*BP-2409  |l MMSKP  |s P  |a 0  |w stu145554_0001